|
|
|
|
| LEADER |
00000nam0a2200000 4500 |
| 001 |
42475 |
| 005 |
20231031015506.0 |
| 010 |
|
|
|a 5040097611
|
| 035 |
|
|
|a (RuTPU)RU\TPU\book\43738
|
| 090 |
|
|
|a 42475
|
| 100 |
|
|
|a 20020905d2002 m y0rusy50 ca
|
| 101 |
1 |
|
|a rus
|c jap
|
| 102 |
|
|
|a RU
|
| 105 |
|
|
|a y z 000ay
|
| 200 |
1 |
|
|a Слушай песню ветра
|a Пинбол 1973
|e Романы
|e пер. с яп.
|f Х. Мураками
|
| 210 |
|
|
|a Москва
|c ЭКСМО-Пресс
|d 2002
|
| 215 |
|
|
|a 304 с.
|
| 610 |
1 |
|
|a проза
|
| 610 |
1 |
|
|a романы
|
| 675 |
|
|
|a 895.6
|v 3
|
| 700 |
|
1 |
|a Мураками
|b Х.
|g Харуки
|
| 801 |
|
1 |
|a RU
|b 63413507
|c 20020905
|g PSBO
|
| 801 |
|
2 |
|a RU
|b 63413507
|c 20050908
|g PSBO
|
| 942 |
|
|
|c BK
|